Les chansons de Gazo- Mort subite - Statistiques

Statistiques générales
  • Ce quiz a été pris 1 121 fois
  • Le résultat moyen est 8 sur 15
Answers on the Grid
Answers color-coded by a green-red scale on the quiz's grid according to % correct below.
NOTRE DAME
OUTRO
RAPPEL
Fleurs
AMBITIONS
Flashback
LA RUE
NO LÈCHE
CELINE 3X
CELINE 2X
CELINE 4X
HAINE&SEX
KASSAV
TCHIN 2X
MAMI WATA
CARTIER
24/34
Goal
Meuda
Soleil
Putana
Décisions
RÉVEIL
NO BLEM
Printemps Blanc
GANGX
NO GANGX
UNO
Sourire
GUCCI
 
Statistiques - réponses
Réponse % Correct
HAINE&SEX
73%
MAMI WATA
70%
CELINE 3X
64%
NO LÈCHE
63%
KASSAV
62%
Fleurs
61%
RAPPEL
60%
Flashback
59%
NOTRE DAME
55%
LA RUE
54%
CARTIER
53%
TCHIN 2X
53%
OUTRO
38%
24/34
31%
AMBITIONS
29%
Aucun quiz correspondant
Distribution des résultats
% des personnes avec chaque résultat
Percentile par nombre de réponses
Votre historique - résultats
Vous n’avez pas pris ce quiz